01016nam a2200289 a 4500001001000000003000500010005001700015008004100032010001100073011001100084040000900095082002400104100002800128245011100156260004600267300002000313590004100333590004000374650005200414650003100466700004300497901000700540942001000547942000600557999001900563952014400582000112438CHAP20220329144305.0160318s2014 pe a |r| ||||||spa d a108899 a109871 cCHAP04a583.9130410985bT171 aTapia Mario, E.913071410aRazas de quinuas de Perú :bde los andes al mundo /cpor Mario E. Tapia y Severo Ignacio Alipio Canahua. aPerú :bANPE. PerúbCONCYTEC.,c2014. a173 p. :bilus. aE11695DGDb10c20160328lUCH01h1112 aE5765TAJb05c20160318lUCH01h091914aChenopodium quinoaxVariedadeszPerú.913071614aQuinoaxVariedades.9933491 aAlipio Canahua, Severo Ignacio9130715 aBK cLIBRO n0 c108899d108899 00102ddc4052708GRALaBCbBCcPA_GRALd2016-03-18fLIBROl0o583.9130410985 T17p33724002520777r2019-12-31 00:00:00w2019-12-31yLIBRO